Library Banner

Careers in medicine, dentisry and mental health (Record no. 26374)

MARC details
000 -LEADER
fixed length control field 00491nam a2200193Ia 4500
001 - CONTROL NUMBER
control field 26211
008 - FIXED-LENGTH DATA ELEMENTS--GENERAL INFORMATION
fixed length control field 140414s9999 xx 000 0 und d
020 ## - INTERNATIONAL STANDARD BOOK NUMBER
International Standard Book Number 0-7494-3390-6
040 ## - CATALOGING SOURCE
Transcribing agency PK-LaUMT
082 ## - DEWEY DECIMAL CLASSIFICATION NUMBER
Classification number 610.69
Item number BRO-C
100 ## - MAIN ENTRY--PERSONAL NAME
Personal name Loulou Brown
245 ## - TITLE STATEMENT
Title Careers in medicine, dentisry and mental health
Statement of responsibility, etc Loulou Brown
250 ## - EDITION STATEMENT
Edition statement 8th
260 ## - PUBLICATION, DISTRIBUTION, ETC. (IMPRINT)
Place of publication, distribution, etc London,UK:
Name of publisher, distributor, etc Kogan Page,
Date of publication, distribution, etc 2000
300 ## - PHYSICAL DESCRIPTION
Extent 122 p.
546 ## - LANGUAGE NOTE
Language note EN
650 ## - SUBJECT ADDED ENTRY--TOPICAL TERM
Topical term or geographic name as entry element Medicine-Vocational guidance
942 ## - ADDED ENTRY ELEMENTS (KOHA)
Koha item type Books
Holdings
Withdrawn status Lost status Source of classification or shelving scheme Damaged status Not for loan Home library Current library Date acquired Total Checkouts Full call number Barcode Date last seen Price effective from Koha item type
    Dewey Decimal Classification     UMT Health Sciences Campus UMT Health Sciences Campus 2014-04-14   610.69 BRO-C 29363 2014-04-25 2014-04-25 Books